00979nam a2200169Ia 4500020001500000040000800015082002600023245037100049246016400420260007500584300002400659490005900683500002200742650001100764650001100775650002300786 a9250043643 cCUS a639 FOO 1999 A044 Or.10aReport of the Consultation on the Application of Article 9 of the FAO Code of Conduct for Responsible Fisheries in the Mediterranean Region, Rome, Italy, 19-23 July 1999 =bRapport de la consultation sur l'application de l'article 9 du code de conduite pour une peche responsable de la FAO dans la r©♭gion m©♭diterran©♭enne, Rome, Italie, 19-23 Juillet 199931aRapport de la consultation sur l'application de l'article 9 du code de conduite pour une peche responsable de la FAO dans la r©♭gion m©♭diterran©♭enne aRome :bFood and Agriculture Organization of the United Nations,c1999 avi, 208 p. ;c30 cm1 aFAO fisheries report = FAO rapport sur les p©®ches ; a"FIRI/R606 (Bi)." 0aFishes 0aFishes 0aFishery management